000 00805nam a2200229Ii 4500
003 JO-AjNU
008 230605s9999||||xx |||||||||||||| ||und||
017 _a2017/5/2536
020 _a978-9957-608-50-7
040 _aJO-AjNU
_bara
_erda
_cJO-AjNU
041 _aara
050 1 4 _aHD37.R33 2018
100 3 _aالربيعي، محمود داود، م. مشارك حسن شاكر مجدي، م. مشارك علي محمد جواد الصائغ ,
_eauthor
_957893
245 0 0 _aعلم الادارة وفن القيادة
250 _aط1
264 3 1 _aعمان: الدار المنهجية للنشر، 2017
300 _a352ص
336 _atext
_btxt
_2rdacontent
337 _aunmediated
_bn
_2rdamedia
338 _avolume
_bnc
_2rdacarrier
650 4 _aالإدارة- القيادة
_957894
999 _aA25970
_c29538
_d29538